| 000 | 02447cam a2200673 4500 | ||
|---|---|---|---|
| 999 |
_c23218 _d23218 |
||
| 001 | vtls011836571 | ||
| 005 | 20220427112157.0 | ||
| 008 | 210906s2018 xo oac grn 001 1dslo | ||
| 020 |
_a9788097291327 _q(brožované) |
||
| 035 | _aurn:nbn:sk:snk-am00fhgh | ||
| 035 | _aurn:nbn:sk:snk-am3iucg | ||
| 035 | _aF9AF5FAF-3ACB-488F-B9E2-ABF7F3B8DC7E | ||
| 040 |
_aZKSE _bslo _cZKSE _dSNK _erda |
||
| 041 | 0 | _aslo | |
| 044 |
_axo _cSK |
||
| 072 | 7 |
_a27 _xKresťanstvo. Kresťanská cirkev všeobecne. Ekleziológia _2konspekt |
|
| 072 | 7 |
_a929 _xBiografie _2konspekt |
|
| 080 |
_a929 _22011 |
||
| 080 |
_a(048.8) _22011 |
||
| 080 |
_a272-722.53 _22011 |
||
| 080 |
_a27-722.53-774 _22011 |
||
| 080 |
_a316.728 _22011 |
||
| 080 |
_a(437.6) _22011 |
||
| 100 | 1 |
_aGolian, Ján, _d1986- _4aut _4com _92947 |
|
| 245 | 1 | 1 |
_a(ne)obyčajný život farára _cJán Golian, Rastislav Molda a kolektív |
| 246 | 3 | 0 | _aObyčajný život farára |
| 246 | 3 | 0 | _aNeobyčajný život farára |
| 264 | 1 |
_aBanská Bystrica _bSociety for Human Studies _c2018 |
|
| 300 |
_a285 strán _bčiernobiele ilustrácie, portréty _c23 cm |
||
| 336 |
_atext _btxt _2rdacontent |
||
| 337 |
_abez média _bn _2rdamedia |
||
| 338 |
_azväzok _bnc _2rdacarrier |
||
| 490 | 1 | _a(ne)známe príbehy | |
| 500 | _aNa dokumente názov začína malým písmenom, začiatočné písmená názvu v hranatej zátvorke | ||
| 500 | _aObsahuje biografické údaje o autoroch na strane 284-285 | ||
| 650 | 0 | 7 |
_akatolícki kňazi _2SNKPH _92257 |
| 650 | 0 | 7 |
_afarári _2SNKPH _92948 |
| 650 | 0 | 7 |
_akaždodenný život _2SNKPH _91933 |
| 650 | 0 | 7 |
_aCatholic priests _2SNKPHeng _92259 |
| 650 | 0 | 7 |
_aParish priests _2SNKPHeng _92949 |
| 650 | 0 | 7 |
_aEveryday life _2SNKPHeng _91935 |
| 651 | 7 |
_aSlovensko _2SNKPHgeo _91613 |
|
| 651 | 7 |
_aSlovakia _2SNKPHeng _91614 |
|
| 655 | 7 |
_abiografie _2SNKPH _91756 |
|
| 655 | 7 |
_amonografie _2SNKPH _91661 |
|
| 655 | 7 |
_aBiography _2SNKPHeng _91759 |
|
| 655 | 7 |
_aMonographs _2SNKPHeng _91662 |
|
| 700 | 1 |
_aMolda, Rastislav, _d1986- _4aut _4com _92950 |
|
| 700 | 1 |
_aAdamčík, Tomáš, _d1988- _4aut _92951 |
|
| 700 | 1 |
_aBorza, Peter, _d1975- _4aut _92952 |
|
| 700 | 1 |
_aHorníková, Eliška, _d1986- _4aut _92953 |
|
| 700 | 1 |
_aLupčo, Martin, _d1982- _4aut _92954 |
|
| 700 | 1 |
_aMudroch, Michal, _d1990- _4aut _92955 |
|
| 700 | 1 |
_aNeupauer, František, _d1979- _4aut _92956 |
|
| 700 | 1 |
_aZubko, Peter, _d1972- _4aut _92957 |
|
| 958 | _aNB | ||
| 958 | _aNT | ||
| 958 | _aBX | ||